Loading...
Painting/Sculpture | 0 | 7 | 0 | 3 | 70 | 39 | 87.57 | 1 | 2 |
Philosophy | 0 | 7 | 0 | 0 | 70 | 23 | 48.29 | 6 | 7 |
Social Science | 0 | 6 | 0 | 1 | 60 | 41 | 53.00 | 1 | 4 |
Mythology | 0 | 6 | 2 | 0 | 50 | 16 | 40.33 | 2 | 5 |
History - World History | 0 | 5 | 1 | 0 | 45 | 40 | 47.80 | 0 | 1 |
Religion | 0 | 5 | 1 | 2 | 45 | 27 | 83.80 | 0 | 1 |
Literature - European Literature | 0 | 3 | 0 | 1 | 30 | 75 | 94.33 | 0 | 1 |
History - European History | 0 | 4 | 2 | 0 | 30 | 65 | 76.00 | 0 | 0 |
History - American History | 0 | 4 | 2 | 0 | 30 | 55 | 57.00 | 0 | 1 |
Literature - American Literature | 0 | 3 | 0 | 0 | 30 | 76 | 82.00 | 0 | 0 |
Geography | 0 | 2 | 0 | 0 | 20 | 53 | 53.00 | 2 | 2 |
Science - Biology | 0 | 2 | 0 | 2 | 20 | 97 | 97.50 | 0 | 0 |
Science - Chemistry | 0 | 2 | 0 | 1 | 20 | 74 | 91.00 | 0 | 0 |
History - Other History | 0 | 3 | 3 | 0 | 15 | 47 | 66.67 | 1 | 2 |
Literature - British Literature | 0 | 1 | 0 | 0 | 10 | 117 | 117.00 | 0 | 0 |
Fine Arts - Classical Music | 0 | 1 | 0 | 0 | 10 | 78 | 78.00 | 0 | 0 |
Pop Culture | 0 | 1 | 1 | 0 | 5 | 64 | 64.00 | 0 | 0 |
Current Events | 0 | 0 | 0 | 0 | 0 | 0.00 | 0 | 0 | |
Fine Arts - Other Fine Arts | 0 | 0 | 3 | 0 | -15 | 0.00 | 0 | 0 |